| 000 | 01040nam a22003257a 4500 | ||
|---|---|---|---|
| 003 | CHAP | ||
| 005 | 20220329141631.0 | ||
| 008 | 971013s1973 r 00010 d | ||
| 010 | _a71373 | ||
| 011 | _a72345 | ||
| 035 | _a81900 | ||
| 040 | _cCHAP | ||
| 090 | _aTesis | ||
| 100 | 0 | 0 |
_aCamargo Rubio, Emilio. _917746 |
| 245 | _aProducción de biomasa por fermentación del jugo residual de alfalfa | ||
| 260 |
_aMéxico, D. F. : _bEl autor, _c1973 |
||
| 300 |
_a16 h. _b: gráfs. |
||
| 502 | _aTesis (Químico Farmacéutico Industrial) -- IPN. Esc. Nal. de Ciencias Biológicas | ||
| 590 |
_aALEPH _b10 _c20130110 _lUCH01 _h1411 |
||
| 590 |
_aBATCH-UPD _b10 _c20130110 _lUCH01 _h1540 |
||
| 590 |
_aBATCH-UPD _b10 _c20130410 _lUCH01 _h0942 |
||
| 590 |
_aBATCH-UPD _b10 _c20130914 _lUCH01 _h0637 |
||
| 590 |
_aCONVERSION _b10 _c20130109 _lUCH01 _h1339 |
||
| 650 | 1 | 4 |
_aAlfalfa _xProteinas. _93884 |
| 650 | 1 | 4 |
_aBiomasa. _912825 |
| 650 | 1 | 4 |
_aFermentación. _940083 |
| 901 | _aBK | ||
| 942 | _cTESIS | ||
| 949 |
_bBC _cTES _d-35606 _eTS1 _i81900 _si |
||
| 999 |
_c71373 _d71373 |
||